| 000 | 00983nam a2200193 a 4500 | ||
|---|---|---|---|
| 008 | 120416s1993 ||||||||||||||||| || u | ||
| 020 | _a9782461903 | ||
| 050 | _aHD 87.5 Doz | ||
| 110 | _aNigerian Economic Summit (1st : 1993 : Abuja, Federal Capital Territory, Nigeria) | ||
| 245 | 1 | 0 | _aEconomic action agenda |
| 260 |
_aIbadan _bSpectrum Books _c1993 |
||
| 300 | _a127 p. : ill. | ||
| 350 | _a0.00 | ||
| 500 | _a'The concept of an Economic Action Agenda (Agenda) resulted from the first Nigerian Economic Summit which was held 18-20 February, 1993 in Abuja'--P. 1. -'This is the companion book to The Report on the First Nigerian Economic Summit'--P. [4] of cover. -Includes bibliographical references. | ||
| 650 | 0 | _aECONOMICS | |
| 650 | _aNIGERIA--ECONOMIC POLICY | ||
| 650 | _aNigeria--Economic conditions--1960- | ||
| 995 |
_D0.00 _FCBU-MAIN LIBRARY (Kitwe) _H1 _I0.00 _M1 _UAVAILABLE _ZAnnex Low-Usage Collection |
||
| 999 |
_c40724 _d40724 |
||